Movies Quiz

Random Movies or French Quiz

Monty Python French Insults Quiz Stats

 Plays Quiz Updated Aug 29, 2017

Challenge
Share
Tweet
Embed
Score 0/76 Timer 10:00
4 Plays Today
Text % Correct
You
94.8%
you,
94.8%
you
94.8%
you
94.8%
you
94.8%
you
94.8%
a
93.2%
a
93.2%
a
93.2%
your
89%
your
89%
your
89%
Your
89%
your
89%
I
88.1%
I
88.1%
I
88.1%
I
88.1%
mother
86.6%
and
84.6%
and
84.6%
and
84.6%
father
82.9%
of
82%
of
82%
was
81.5%
in
76%
elderberries.
76%
smelt
75.2%
hamster
73.1%
fart
71.3%
direction!
71%
general
70.8%
English
57.9%
English
57.9%
no
54.1%
No,
54.1%
Go
53.1%
Text % Correct
go
53.1%
away
43.9%
silly
43.5%
silly
43.5%
or
43.2%
time-a!
42.6%
second
41.4%
taunt
41.1%
to
40.3%
to
40.3%
kaniggets. (thpppt!)
40.2%
shall
39.9%
now
39.9%
pig-dogs!
39.7%
Arthur-King,
38.4%
at
36.4%
my
35.6%
don't
34.2%
don't
34.2%
want
29.5%
nose
28.8%
all
28.2%
more,
27.5%
talk
27.1%
blow
26.8%
us,
25.2%
person.
25.2%
bottoms,
24%
sons
23.3%
frighten
22.5%
boil
21.8%
so-called
18.6%
wiper!
17.6%
trough
17%
food
17%
animal
15.9%
empty
14.5%
headed
14.4%

You're not logged in!

Compare scores with friends on all Sporcle quizzes.
OR
Log In

You Might Also Like...

Show Comments

Extras

Top Quizzes Today


Score Distribution

Your Account Isn't Verified!

In order to create a playlist on Sporcle, you need to verify the email address you used during registration. Go to your Sporcle Settings to finish the process.

Report this User

Report this user for behavior that violates our Community Guidelines.

Details: